00361nam a22001337a 450000500170000002000230001703500130004003700130005310000160006624500540008225000260013626000460016230000190020820120409123610.0 a8173871701c650.00 aB-158316 aDPLbENG aHanda, O.C. aBuddhist monasteries of Himachal /cby O.C. Handa arev. and enlarged ed. aNew DelhibIndus Publishing Companyc2004 a344p.c22 cms.